| 000 | 00748nam a2200193Ia 4500 | ||
|---|---|---|---|
| 003 | GCL | ||
| 005 | 20240530105210.0 | ||
| 008 | 140319s9999 xx 000 0 ara d | ||
| 040 |
_aGCL / _cGCL |
||
| 082 | 0 | 4 |
_a347.04 _bع.م |
| 100 | 1 | _aعبدالحميد الشواربى | |
| 245 | 1 | 0 |
_aالمشكلات العملية لتشريعات الدولة الجزئية : _bجرائم التموين والتسعير الجبرى - جرائم الاسكان / _cعبدالحميد الشواربى |
| 260 |
_a[ الاسكندرية ] : _bمنشاة المعارف ، _c1992 |
||
| 300 |
_a309 ص؛ _b24 سم |
||
| 490 |
_aالكتب القانونية _v0 |
||
| 650 | 0 | 4 | _aالقانون |
| 650 | 0 | 4 | _aالقانون التجارى |
| 942 |
_2ddc _cBK |
||
| 999 |
_c53863 _d53863 |
||